000 00376nam a22001577a 4500
003 MACL
005 20151117163338.0
008 151117b xxu||||| |||| 00| 0 eng d
040 _cMACL
041 _aEnglisn
082 _a307/CHA
100 _aChatterjee,Debi
_917373
245 _aIdeas and Movement Against Caste in India
650 _asciology
_917374
942 _2ddc
_cBK
999 _c50620
_d50620